Il risveglio della dea /

Uloženo v:
Podrobná bibliografie
Hlavní autor: Noble, Vicki (Autor)
Další autoři: Campominosi, Elena (Překladatel)
Médium: Kniha
Jazyk:italština
Vydáno: Milano : TEA, 2010
Vydání:6. ed
Tagy: Přidat tag
Žádné tagy, Buďte první, kdo vytvoří štítek k tomuto záznamu!

MARC

LEADER 00000nam a22000007i 4500
001 IT\ICCU\UMC\0980963
003 ItRI
005 20251125183752.0
008 140819s2010 it |||||| ||||| |||||c
020 |a 9788850209989 
040 |b ita  |c Arcigay Viterbo 
041 7 |a ita  |2 ISO-639-2 
100 1 |a Noble, Vicki  |0 IT\ICCU\VIAV\097750  |4 aut 
245 1 3 |a Il risveglio della dea /  |c Vicki Noble ; traduzione di Elena Campominosi. 
250 |a 6. ed 
260 |a Milano :  |b TEA,  |c 2010 
300 |a 280 p. :  |b ill. ;  |c 20 cm 
700 1 |a Campominosi, Elena  |0 IT\ICCU\CFIV\144252  |4 trl 
942 |2 ddc  |c BK  |n 0 
952 |0 0  |1 0  |2 ddc  |4 0  |6 291_211000000000000_NOB_RIS  |7 0  |9 9985  |a VT  |b VT  |d 2025-11-25  |e Dono di Giovanna Picchi  |i B584  |l 0  |o 291.211 NOB RIS  |p B584  |r 2025-11-25 18:38:46  |w 2025-11-25  |y BK  |z Dono di Giovanna Picchi 
981 1 |6 z01  |a i   |b xxxe  
982 1 |6 z01  |a n 
999 |c 8328  |d 8328